000 00555nam a22001937a 4500
003 DO-SdBNP
005 20171205111006.0
008 171121b 1962|| |||| 00| 0 spa d
040 _aBPMSU
_bspa
_cBPMSU
082 _axxx
_bxxxx
245 0 3 _aLa electrónica al alcance de todos
260 _aEstados Unidos :
_bAmérica,
_c1962.
300 _a233 p. :
_bil. ;
_c20 cm.
490 1 _aManuales populares
_v501
830 0 _aManuales populares
_n501
942 _2ddc
_cBK
945 _aInventariado extranjero / 2017 VM
956 _aBTAVAREZ
_b10
_c20171121
_d0038
999 _c13000
_d13000